La justice de la République fédérale face aux crimes d’euthanasie perpétrés par le régime national-socialiste (notice n° 1655722)

détails MARC
000 -LEADER
fixed length control field 01263cam a2200157 4500500
005 - DATE AND TIME OF LATEST TRANSACTION
control field 20260208010238.0
041 ## - LANGUAGE CODE
Language code of text/sound track or separate title fre
042 ## - AUTHENTICATION CODE
Authentication code dc
100 10 - MAIN ENTRY--PERSONAL NAME
Personal name Dreßen, Willi
Relator term author
245 00 - TITLE STATEMENT
Title La justice de la République fédérale face aux crimes d’euthanasie perpétrés par le régime national-socialiste
260 ## - PUBLICATION, DISTRIBUTION, ETC.
Date of publication, distribution, etc. 2005.<br/>
500 ## - GENERAL NOTE
General note 76
520 ## - SUMMARY, ETC.
Summary, etc. Within the “Eutanasia” – Aktion T4 –, about 120.000 victims, most of them mentally ill persons but also political prisoners and forced laborers who could no longer work, were murdered, mostly by gas.The perpetrators and organizers – only a few of them were condemned by the federal tribunals – often made postwar careers. They have become a part of our recent past that we must confront without repressing the facts.Irrespective of all that, the German judicial system has made an important contribution to document the untold suffering of the victims. Nevertheless, too many perpetrators remained with impunity and thus the victims were once more degraded, this time for good.
786 0# - DATA SOURCE ENTRY
Note Revue d’Histoire de la Shoah | 183 | 2 | 2005-10-19 | p. 441-455 | 2111-885X
856 41 - ELECTRONIC LOCATION AND ACCESS
Uniform Resource Identifier <a href="https://shs.cairn.info/revue-d-histoire-de-la-shoah-2005-2-page-441?lang=fr&redirect-ssocas=7080">https://shs.cairn.info/revue-d-histoire-de-la-shoah-2005-2-page-441?lang=fr&redirect-ssocas=7080</a>

Pas d'exemplaire disponible.

PLUDOC

PLUDOC est la plateforme unique et centralisée de gestion des bibliothèques physiques et numériques de Guinée administré par le CEDUST. Elle est la plus grande base de données de ressources documentaires pour les Étudiants, Enseignants chercheurs et Chercheurs de Guinée.

Adresse

627 919 101/664 919 101

25 boulevard du commerce
Kaloum, Conakry, Guinée

Réseaux sociaux

Powered by Netsen Group @ 2025